000 00319 a2200145 4500
001 156315
020 _a9788508165032
040 _cEscola São Tomás de Aquino
100 _aSHELLEY, Mary
240 1 0 _aFrankenstein
_lpor
245 1 0 _aFrankenstein
300 _a263
697 _a*LITERATURA JUVENIL
942 _cBK
999 _c156315
_d156315